000 00797nam a22002177a 4500
005 20120913094950.0
008 120913t xxu||||| |||| 00| 0 eng d
010 _aENG-105866
020 _a9789380920016
_c350.00
035 _aEN-89399
037 _bDBAD/PUB
040 _aDPL
_bEnglish
082 _a551.46
100 _aBandrawal, Nirmal
_952277
245 _aThe infinite ocean /
_cby Nirmal Bandrawal
260 _aNew Delhi
_bSun Shine Books
_c2012
270 _a4760-61, IInd Floor, 23, Ansari Road, Daryaganj
_bNew Delhi
_e110002
300 _a215p. :
_bill.
_c23cm(Hb)
942 _2ddc
_cEN
_mBAN
_h551.46
999 _c69982
_d69982